| 000 | 00983cam a2200265 4500 | ||
|---|---|---|---|
| 008 | 020416n2003 000 0 eng u | ||
| 020 | _a0415261643 | ||
| 035 | _a(Sirsi) u117491 | ||
| 041 | _aeng. | ||
| 050 |
_a658.99 _c18 |
||
| 100 | _aLoosemore, Martin | ||
| 245 | _aHuman resources management in construction projects | ||
| 260 |
_aLondon _bSpon _c2003 |
||
| 300 |
_axii, 344p. _c24cm. |
||
| 350 | _a19.99 | ||
| 520 | _aExamines the strategic and operational aspects of managing human resources within the construction sector. The text is aimed at project managers who have been given responsibility for human resource management (HRM) but have had little training on the subject. | ||
| 650 | _aHUMAN RESOURCE MANAGEMENT | ||
| 650 | _aPERSONNEL MANAGEMENT | ||
| 650 | _aMANAGEMENT-PROJECT MANAGEMENT | ||
| 650 | _aCONSTRUCTION INDUSTRY | ||
| 690 | _aBUILDING AND CONSTRUCTION-MANAGEMENT | ||
| 700 | _aDainty, Andrew | ||
| 700 | _aLingard, Helen | ||
| 942 | _n0 | ||
| 999 |
_c102005 _d102005 |
||